Szachy: nie daj się zbić #2 - Nagła śmierć - Statystyki

Ogólne statystyki
  • Ten quiz został rozwiązany 1 844 razy
  • Średni wynik to 9 z 26
Answers on the Grid
Answers color-coded by a green-red scale on the quiz's grid according to % correct below.
 
Statystyki odpowiedzi
Odpowiedź % Poprawnych
55%
51%
49%
47%
45%
44%
42%
41%
41%
33%
33%
32%
31%
30%
30%
29%
29%
29%
29%
29%
29%
28%
25%
25%
25%
22%
Nie znaleziono quizów pasujących do podanych kryteriów
Rozkład punktacji
Procent ludzi z każdym wynikiem
Percentyl według liczby udzielonych odpowiedzi
Twoja historia wyników
Nie rozwiązałeś tego quizu